00324nam a22001217a 4500082001000000100001900010245006700029650001800096650002400114650002000138650002200158650002200180 a681.2 aDe Silva,G.M.S aCalibration and Traceability of test and measuring instruments adata analysis asampling techniques aquality control aquality assurance alaboratory safety